000 00689nam a2200253Ia 4500
003 OSt
005 20221005031537.0
006 a|||||r|||| 00| 0
007 ta
008 221004b |||||||| |||| 00| 0 tam d
020 _c02
024 _a64566
037 _cTextual
040 _aCRL
_cCRL
_btam
041 _2tam
_atam
082 _aO31,3MDU,35, J1.1
100 _aIyangar K.Dhuraisami Au.
_9583884
245 0 _aSaundara Kokilam
260 _aChennai
_bB.Rathina Naickar and Sons India
_c1951
300 _a288p.
_ccm.
650 _aTAMIL LITERATURE
942 _hO31,3MDU,35, J1.1
_cTEXL
_2cc
999 _c937949
_d937949